Faculty of Law Library — Cairo University

Official Online Catalog

Basic documents on human rights / (Record no. 56682)

MARC details
000 -LEADER
fixed length control field 01127pam a2200349 i 4500
003 - CONTROL NUMBER IDENTIFIER
control field EG-GICUC
005 - DATE AND TIME OF LATEST TRANSACTION
control field 20260121101722.0
008 - FIXED-LENGTH DATA ELEMENTS--GENERAL INFORMATION
fixed length control field 920303s1992 enk fr 001 0 eng d
020 ## - INTERNATIONAL STANDARD BOOK NUMBER
International Standard Book Number 0198257120 :
Terms of availability £40.00
020 ## - INTERNATIONAL STANDARD BOOK NUMBER
International Standard Book Number 0198256833 :
Terms of availability £18.95
020 ## - INTERNATIONAL STANDARD BOOK NUMBER
International Standard Book Number 9780198257127
020 ## - INTERNATIONAL STANDARD BOOK NUMBER
International Standard Book Number 9780198256830
040 ## - CATALOGING SOURCE
Original cataloging agency DLC
Transcribing agency DLC
Modifying agency DLC
-- EG-GICUC
Language of cataloging eng
Description conventions rda
050 00 - LIBRARY OF CONGRESS CALL NUMBER
Classification number K3238.A1
Item number B76 1992
082 00 - DEWEY DECIMAL CLASSIFICATION NUMBER
Classification number 341.48
Edition number 21
092 04 - LOCALLY ASSIGNED DEWEY CALL NUMBER (OCLC)
Edition number 21
099 ## - LOCAL FREE-TEXT CALL NUMBER (OCLC)
Classification number Law 11 1992
245 00 - TITLE STATEMENT
Title Basic documents on human rights /
Statement of responsibility, etc. edited by Ian Brownlie.
250 ## - EDITION STATEMENT
Edition statement 3rd edition.
264 ## - PRODUCTION, PUBLICATION, DISTRIBUTION, MANUFACTURE, AND COPYRIGHT NOTICE
Place of production, publication, distribution, manufacture Oxford :
Name of producer, publisher, distributor, manufacturer Clarendon Press ;
Place of production, publication, distribution, manufacture New York :
Name of producer, publisher, distributor, manufacturer Oxford University Press,
Date of production, publication, distribution, manufacture, or copyright notice 1992.
300 ## - PHYSICAL DESCRIPTION
Extent x, 631 p. ;
Dimensions 25 cm.
Other physical details illustrations,
336 ## - CONTENT TYPE
Content type term text
Source rdacontent
337 ## - MEDIA TYPE
Media type term Computer
Source rdamedia
338 ## - CARRIER TYPE
Carrier type term Online Resources
Source rdacarrier
500 ## - GENERAL NOTE
General note Includes index.
650 #0 - SUBJECT ADDED ENTRY--TOPICAL TERM
Topical term or geographic name entry element Human rights.
700 1# - ADDED ENTRY--PERSONAL NAME
Personal name Brownlie, Ian.
856 42 - ELECTRONIC LOCATION AND ACCESS
Uniform Resource Identifier <a href="https://fll.law.cu.edu.eg/fulltext/bks/ENGB11-00051.pdf">https://fll.law.cu.edu.eg/fulltext/bks/ENGB11-00051.pdf</a>
856 42 - ELECTRONIC LOCATION AND ACCESS
Materials specified Publisher description
Uniform Resource Identifier <a href="http://www.loc.gov/catdir/enhancements/fy0639/92009841-d.html">http://www.loc.gov/catdir/enhancements/fy0639/92009841-d.html</a>
905 ## - Cataloger and Reviser Names
Cataloger Name: Hend El khosy
942 ## - ADDED ENTRY ELEMENTS (KOHA)
Source of classification or shelving scheme Dewey Decimal Classification
Koha item type Books
Edition 21
Suppress in OPAC No
Holdings
Withdrawn status Lost status Source of classification or shelving scheme Damaged status Not for loan Collection Home library Current library Date acquired Total checkouts Full call number Barcode Date last seen Copy number Price effective from Koha item type Public note
    Dewey Decimal Classification     القانون الدولي العام جــــامعة القــاهرة مكتبة كلية الحقوق - فـرع الشيخ زايد 13.01.2026   Law2 11 341.48 BA 3 ed - 1992 1100051 C1 ENGB11-00051 13.01.2026 1 13.01.2026 Books 1480
    Dewey Decimal Classification     القانون الدولي العام جــــامعة القــاهرة مكتبة كلية الحقوق - فـرع الشيخ زايد 13.01.2026   Law2 11 341.48 BA 3 ed - 1992 1100052 C2 ENGB11-00052 13.01.2026 2 13.01.2026 Books 80

© All rights reserved — Faculty of Law, Cairo University